000 00460nam a22001937a 4500
003 MPLRDC
005 20220104143526.0
008 210129b ||||| |||| 00| 0 eng d
020 _a912-850-581-9
082 _a857.7 XMY v.291
100 _a左晴雯
245 _a近君情怯
_c
250 _a初版
260 _a
_b星河出版社
_c1999
300 _b
490 _a寻梦园系列. 291
650 _a长篇小说
942 _cBK
_o857.7 XMY v.291
999 _c40767
_d40757